Normal view
MARC view
Entry Personal Name
001 - CONTROL NUMBER
- control field: 164231
003 - CONTROL NUMBER IDENTIFIER
- control field: OSt
005 - DATE AND TIME OF LATEST TRANSACTION
- control field: 20220923220442.0
008 - FIXED-LENGTH DATA ELEMENTS
- fixed length control field: 220923|| aca||aabn | a|a d
040 ## - CATALOGING SOURCE
- Original cataloging agency: OSt
- Transcribing agency: OSt
100 ## - HEADING--PERSONAL NAME
- Personal name: रूद्र दत्त; सुन्दरम्, के पी एम
670 ## - SOURCE DATA FOUND
- Source citation: Work cat.: (OSt)339991: रूद्र दत्त; सुन्दरम्, के पी एम, भारतीय अर्थव्यवस्था, 1980
